000
00346nam a2200157Ia 4500
100
_a
Long. Jeb
250
_a
2
942
_c
BK
654
_a
Foxpro 2.6
245
_a
Foxpro 2.6 for Windows: Developers Guide
260
_b
Prentice Hall
_a
New Delhi
_c
1994
082
_a
5.7565
_b
SIE
300
_a
1380
546
_a
ENGLISH
999
_c
26714
_d
26714